[Event "Oebro CXU Nytaar 2023"]
[Site "Copenhagen"]
[Date "2023.12.27"]
[Round "2"]
[Board "3"]
[White "Borge, Nikolaj"]
[Black "Thuesen, Mogens Henrik"]
[Result "0-1"]
[WhiteElo "2402"]
[BlackElo "2036"]
[PlyCount "78"]
[EventDate "2023.12.27"]
[EventType "swiss"]
[EventRounds "7"]
[EventCountry "DEN"]
[SourceTitle "Live v. Freja Gronnemose"]

1. e4 c5 2. Nf3 e6 3. d4 cxd4 4. Nxd4 Nf6 5. Nc3 Nc6 
6. Nxc6 bxc6 7. e5 Nd5 8. Ne4 Qc7 9. f4 Qb6 10. c4 10... 
Ne3 11. Qd3 Nf5 12. b3 Bb7 13. g4 Qd4 14. Qxd4 Nxd4 15. Bd3 
c5 16. Be3 Rd8 17. b4 d6 18. exd6 Bxd6 19. Kf2 Be7 20. bxc5 
20... Bh4+ 21. Ng3 Bxh1 22. Rxh1 O-O 23. Rb1 f5 24. gxf5 Nxf5 25. 
Bxf5 exf5 26. Rb5 g6 27. Ra5 Rf7 28. Ke2 Bf6 29. c6 Rc8 30. 
Bxa7 30... Rxc6 31. c5 Rd7 32. Bb6 Re6+ 33. Kf3 Rd3+ 34. Kg2 h5 
35. Ra8+ Kh7 36. Ra7+ Kh6 37. c6 Rxc6 38. Bf2 h4 39. Nf1 h3+ 
0-1

[Event "Oebro CXU Nytaar 2023"]
[Site "Copenhagen"]
[Date "2023.12.27"]
[Round "2"]
[Board "4"]
[White "Lauritsen, Martin Lee"]
[Black "Nielsen, Viktor Haarmark"]
[Result "0-1"]
[WhiteElo "2112"]
[BlackElo "2365"]
[PlyCount "240"]
[EventDate "2023.12.27"]
[EventType "swiss"]
[EventRounds "7"]
[EventCountry "DEN"]
[SourceTitle "Live v. Freja Gronnemose"]

1. e4 c5 2. Nf3 e6 3. d4 cxd4 4. Nxd4 Nc6 5. Nc3 Qc7 
6. g3 a6 7. Bg2 Nf6 8. O-O Nxd4 9. Qxd4 Bc5 10. Qd3 10... 
Ng4 11. Qe2 Ne5 12. Be3 b5 13. Kh1 Bb7 14. a4 Bxe3 15. Qxe3 
b4 16. Na2 a5 17. c3 b3 18. Nc1 Ba6 19. Re1 Rb8 20. Bf1 
20... Bxf1 21. Rxf1 O-O 22. Nd3 Nc4 23. Qc5 Qxc5 24. Nxc5 Rfd8 25. 
Rfd1 d6 26. Rd4 Nxb2 27. Na6 Rb6 28. e5 Rxa6 29. Rb1 Rc8 30. 
Rxb2 30... dxe5 31. Re4 Rb6 32. Rxe5 Rxc3 33. Rxa5 Kf8 34. Kg2 Ke7 
35. Ra7+ Kd6 36. a5 Rb5 37. Rd2+ Ke5 38. Re2+ Kf6 39. Rb2 Rc4 
40. Rd7 40... Rc2 41. Rxc2 bxc2 42. Rc7 Rxa5 43. Rxc2 g5 44. Rc4 
h5 45. Rb4 Kg6 46. Rb6 Ra4 47. Rb8 h4 48. Rb2 e5 49. Rc2 
Kf5 50. Rb2 50... Kg4 51. h3+ Kf5 52. g4+ Ke4 53. Rb8 f6 54. 
Rf8 Ra6 55. Rb8 Rd6 56. Rb3 Kd4 57. Rb4+ Kd3 58. Rb1 Re6 59. 
Rb3+ Kd4 60. Rb4+ 60... Kc3 61. Re4 Rd6 62. Ra4 Re6 63. Re4 Kd2 
64. Kf3 Kd3 65. Re3+ Kd4 66. Re4+ Kd5 67. Ra4 Rc6 68. Ra5+ Ke6 
69. Ra8 Kd5 70. Ra5+ 70... Kd4 71. Ra4+ Kd3 72. Ra3+ Kc4 73. Ra1 
Rd6 74. Ra4+ Kd5 75. Ra8 Rb6 76. Ra5+ Ke6 77. Ra4 Rb3+ 78. Kg2 
Rd3 79. Ra8 Rd4 80. Ra6+ 80... Kf7 81. Ra7+ Kg6 82. Re7 Rd6 83. 
Re8 Kf7 84. Ra8 Re6 85. Kf3 Rc6 86. Ra4 Rc7 87. Ra6 Rc4 88. 
Rb6 Rf4+ 89. Kg2 f5 90. gxf5 90... Rxf5 91. Rb7+ Ke6 92. Rb8 e4 
93. Ra8 Ke5 94. Ra4 Rf6 95. Rb4 Rd6 96. Rb8 Re6 97. Rb4 Kf5 
98. Rb8 Rf6 99. Rb4 Rc6 100. Rb8 100... Rc5 101. Rf8+ 10 Ke5 102. 
Re8+ 10 Kf4 103. Rf8+ 10 Rf5 104. Ra8 10 g4 105. Ra3 10 Rd5 
106. Ra8 10 Rg5 107. hxg4 10 Kxg4 108. Ra2 10 Kf4+ 109. Kh3 10 
Kf3 110. Ra4 110... Rg1 111. Kxh4 Rg2 112. Kh3 Rxf2 113. Ra8 Rd2 114. 
Rf8+ Ke2 115. Kg3 e3 116. Re8 Rd7 117. Kf4 Kf2 118. Rh8 e2 119. 
Rh2+ Ke1 120. Ke3 120... Kd1 0-1

[Event "Oebro CXU Nytaar 2023"]
[Site "Copenhagen"]
[Date "2023.12.27"]
[Round "2"]
[Board "5"]
[White "Jacobsen, Mikkel Manosri"]
[Black "Kakulidis, Ellen"]
[Result "1-0"]
[WhiteElo "2322"]
[BlackElo "2054"]
[PlyCount "81"]
[EventDate "2023.12.27"]
[EventType "swiss"]
[EventRounds "7"]
[EventCountry "DEN"]
[SourceTitle "Live v. Freja Gronnemose"]

1. c4 e5 2. e3 d6 3. Nc3 f5 4. g3 Nf6 5. Bg2 Be7 
6. d3 c6 7. Nge2 O-O 8. O-O Qe8 9. b3 Nh5 10. f4 10... 
Nd7 11. Qd2 g5 12. Bb2 Qg6 13. Rae1 Ndf6 14. Nd1 Nd7 15. d4 
gxf4 16. exf4 e4 17. Ne3 Nb6 18. a4 Bf6 19. a5 Nd7 20. h3 
20... Ng7 21. g4 Bh4 22. Rd1 Nf6 23. g5 Nfh5 24. d5 h6 25. 
gxh6 Ne8 26. c5 dxc5 27. Nc4 Qxh6 28. Ne5 Neg7 29. a6 cxd5 30. 
Qxd5+ 30... Be6 31. Qxc5 b6 32. Qc7 Rfc8 33. Qb7 Rcb8 34. Nc6 Bc8 
35. Qc7 Ne8 36. Qe5 Qxc6 37. Qh8+ Kf7 38. Qxh5+ Qg6 39. Qxh4 Bxa6 
40. Rd7+ 40... Ke6 41. Qe7# 1-0

[Event "Oebro CXU Nytaar 2023"]
[Site "Copenhagen"]
[Date "2023.12.27"]
[Round "2"]
[Board "6"]
[White "Ertbjerg, Andreas Lund"]
[Black "Terryn, Ezra"]
[Result "0-1"]
[WhiteElo "2020"]
[BlackElo "2217"]
[PlyCount "74"]
[EventDate "2023.12.27"]
[EventType "swiss"]
[EventRounds "7"]
[EventCountry "DEN"]
[SourceTitle "Live v. Freja Gronnemose"]

1. e4 c5 2. d4 cxd4 3. c3 dxc3 4. Nxc3 Nc6 5. Nf3 e6 
6. Bc4 a6 7. O-O b5 8. Bb3 Bb7 9. Bf4 Nge7 10. Nd5 10... 
Nxd5 11. exd5 Na5 12. Re1 Be7 13. d6 Bf6 14. Bc2 O-O 15. Ne5 
Rc8 16. Re3 g6 17. Rh3 Nc4 18. Ng4 Nxb2 19. Nh6+ Kh8 20. Qd2 
20... Nd3 21. Bxd3 Bxa1 22. Ng4 f5 23. Be5+ Bxe5 24. Nxe5 Rf6 25. 
Qh6 Qg8 26. Nxd7 Rf7 27. Ne5 Rg7 28. Qg5 Rf8 29. Qe3 Bd5 30. 
Qd4 30... Rf6 31. Nd7 Rxd7 32. Qxf6+ Qg7 33. Qxg7+ Kxg7 34. f4 Rxd6 
35. a3 Rc6 36. Re3 Rc3 37. a4 Bc4 0-1

[Event "Oebro CXU Nytaar 2023"]
[Site "Copenhagen"]
[Date "2023.12.27"]
[Round "2"]
[Board "7"]
[White "Nilssen, Ellen Fredericia"]
[Black "Brondal, Paul"]
[Result "1-0"]
[WhiteElo "2193"]
[BlackElo "1981"]
[PlyCount "123"]
[EventDate "2023.12.27"]
[EventType "swiss"]
[EventRounds "7"]
[EventCountry "DEN"]
[SourceTitle "Live v. Freja Gronnemose"]

1. d4 d5 2. c4 c6 3. cxd5 cxd5 4. Nc3 Nf6 5. Bf4 Nc6 
6. Nf3 a6 7. e3 Bg4 8. Be2 e6 9. Qb3 Ra7 10. h3 10... 
Bh5 11. O-O Be7 12. Rfc1 O-O 13. Na4 Ne4 14. Qb6 Qxb6 15. Nxb6 
Bd8 16. Nd7 Re8 17. g4 Bg6 18. Nfe5 Nxe5 19. Nxe5 Ra8 20. f3 
20... Nf6 21. Nxg6 hxg6 22. Rc2 Nd7 23. Rac1 Bb6 24. Bc7 Rac8 25. 
a4 Ba7 26. Bg3 Rxc2 27. Rxc2 Bb8 28. Bxb8 Rxb8 29. Rc7 Nb6 30. 
a5 30... Na8 31. Rc3 Kf8 32. e4 Ke7 33. Bd1 Rd8 34. e5 Rh8 
35. Kg2 Kd8 36. f4 Nc7 37. Ba4 Kc8 38. Kg3 Kb8 39. Rb3 Ka7 
40. Rb6 40... Rc8 41. Bd7 Rf8 42. Rd6 Kb8 43. f5 gxf5 44. gxf5 
exf5 45. Bxf5 f6 46. exf6 gxf6 47. h4 Rg8+ 48. Kh3 Re8 49. h5 
Re1 50. Kg2 50... Re2+ 51. Kg3 Nb5 52. Rxd5 Rd2 53. h6 Nxd4 54. 
Be4 Ne2+ 55. Kg4 f5+ 56. Kg5 Nd4 57. h7 Ne6+ 58. Kf6 Rh2 59. 
Bxf5 Rh6+ 60. Bg6 60... Kc7 61. Kxe6 Rxg6+ 62. Kf7 1-0

[Event "Oebro CXU Nytaar 2023"]
[Site "Copenhagen"]
[Date "2023.12.27"]
[Round "2"]
[Board "8"]
[White "Jalving, August"]
[Black "Falkesgaard, Jeppe Hald"]
[Result "0-1"]
[WhiteElo "1933"]
[BlackElo "2188"]
[PlyCount "90"]
[EventDate "2023.12.27"]
[EventType "swiss"]
[EventRounds "7"]
[EventCountry "DEN"]
[SourceTitle "Live v. Freja Gronnemose"]

1. e4 c5 2. Nf3 Nc6 3. d4 cxd4 4. Nxd4 e5 5. Nb5 d6 
6. N1c3 a6 7. Na3 Be7 8. Nc4 b5 9. Ne3 Nf6 10. a3 10... 
O-O 11. g3 Be6 12. Bg2 Rc8 13. Ncd5 Bxd5 14. exd5 Na5 15. O-O 
Nc4 16. Nf5 Re8 17. b3 Nb6 18. Nxe7+ Qxe7 19. Bg5 h6 20. Be3 
20... Qb7 21. Bxb6 Qxb6 22. Qe2 Qc5 23. c4 bxc4 24. Rfc1 c3 25. 
Qxa6 e4 26. Bh3 Rc7 27. b4 Qxd5 28. Qb6 Qc6 29. Qxc6 Rxc6 30. 
b5 30... Rc5 31. a4 d5 32. b6 d4 33. a5 d3 34. a6 d2 
35. Rc2 Ra5 36. Rd1 Nd5 37. Bf1 e3 38. b7 exf2+ 39. Kxf2 Ne3 
40. Rb1 40... Rf5+ 41. Kg1 Rxf1+ 42. Rxf1 Nxf1 43. a7 d1=Q 44. b8=Q 
Nd2+ 45. Kg2 Qf1# 0-1

[Event "Oebro CXU Nytaar 2023"]
[Site "Copenhagen"]
[Date "2023.12.27"]
[Round "2"]
[Board "9"]
[White "Thorsbro, Peter"]
[Black "Wehding, Anton Bonsvig"]
[Result "1-0"]
[WhiteElo "2180"]
[BlackElo "1935"]
[PlyCount "73"]
[EventDate "2023.12.27"]
[EventType "swiss"]
[EventRounds "7"]
[EventCountry "DEN"]
[SourceTitle "Live v. Freja Gronnemose"]

1. d4 d5 2. Nf3 e6 3. g3 c5 4. Bg2 cxd4 5. O-O Nc6 
6. Nxd4 Nf6 7. c4 Bc5 8. Nb3 Be7 9. cxd5 Nxd5 10. e4 10... 
Nb6 11. Qe2 O-O 12. Rd1 Qc7 13. Nc3 a5 14. Nb5 Qb8 15. Be3 
Nd7 16. a4 e5 17. Rac1 Nf6 18. Bb6 Bg4 19. f3 Be6 20. Bc7 
20... Qc8 21. Qe3 Bd8 22. Bxe5 Bxb3 23. Qxb3 Bb6+ 24. Kh1 Qe6 25. 
Qxe6 fxe6 26. Bd6 Rfe8 27. Nc7 Bxc7 28. Bxc7 Rac8 29. Bb6 Kf7 30. 
Bf1 30... Re7 31. Bb5 Nd7 32. Bxa5 Ra8 33. Bd2 Nce5 34. Bb4 Nb6 
35. a5 Nc8 36. Kg2 Na7 37. Bxe7 1-0

[Event "Oebro CXU Nytaar 2023"]
[Site "Copenhagen"]
[Date "2023.12.27"]
[Round "2"]
[Board "10"]
[White "Jensen, Benjamin Lau"]
[Black "Gregor, Bjarke"]
[Result "0-1"]
[WhiteElo "1889"]
[BlackElo "2172"]
[PlyCount "90"]
[EventDate "2023.12.27"]
[EventType "swiss"]
[EventRounds "7"]
[EventCountry "DEN"]
[SourceTitle "Live v. Freja Gronnemose"]

1. e4 c6 2. d4 d5 3. e5 Bf5 4. h4 h5 5. Bd3 Bxd3 
6. Qxd3 e6 7. Bg5 Qb6 8. Nd2 c5 9. c4 Qxb2 10. Rd1 10... 
Qxd4 11. Qg3 Nc6 12. Ngf3 Qg4 13. cxd5 exd5 14. O-O Qxg3 15. fxg3 
f6 16. exf6 gxf6 17. Rfe1+ Be7 18. Bf4 O-O-O 19. Re6 Nh6 20. Nb1 
20... Nf5 21. Rde1 Rd7 22. Nc3 Ng7 23. R6e2 d4 24. Nb5 Nf5 25. 
Nd2 a6 26. Na3 b5 27. Re6 Kb7 28. Rb1 Nb4 29. Ne4 Rc8 30. 
Nxf6 30... Bxf6 31. Rxf6 Ne3 32. Bxe3 dxe3 33. Re6 Rd2 34. Rxe3 Rxa2 
35. Rd1 c4 36. Nb1 Nd3 37. Nc3 Rc2 38. Nd5 b4 39. Re6 b3 
40. Ne3 40... Rc1 41. Re7+ Kb8 42. Rxc1 Nxc1 43. Nd5 c3 44. Re6 
c2 45. Nf4 Na2 0-1

[Event "Oebro CXU Nytaar 2023"]
[Site "Copenhagen"]
[Date "2023.12.27"]
[Round "2"]
[Board "11"]
[White "Hansen, Soren Bech"]
[Black "Veiergang, Oscar Jacob"]
[Result "1-0"]
[WhiteElo "2170"]
[BlackElo "1926"]
[PlyCount "81"]
[EventDate "2023.12.27"]
[EventType "swiss"]
[EventRounds "7"]
[EventCountry "DEN"]
[SourceTitle "Live v. Freja Gronnemose"]

1. e4 e5 2. Bc4 Nc6 3. Nf3 Nf6 4. d3 Bc5 5. O-O d6 
6. a4 a6 7. c3 Bg4 8. Nbd2 O-O 9. h3 Be6 10. Re1 10... 
Bxc4 11. Nxc4 b5 12. Ne3 Bxe3 13. Bxe3 d5 14. Bc5 Re8 15. axb5 
axb5 16. Rxa8 Qxa8 17. Qb3 dxe4 18. Ng5 Nd8 19. Nxe4 Nxe4 20. Rxe4 
20... Qc6 21. Be3 Nb7 22. c4 Nd6 23. cxb5 Nxb5 24. Rc4 Qd7 25. 
Rc5 c6 26. Qc4 Re6 27. Qe4 f6 28. Rc1 Nc7 29. Ra1 Re8 30. 
Ra7 30... Qd6 31. Qc4+ Nd5 32. Bc5 Qb8 33. Qg4 Nc7 34. Qd7 Ne6 
35. b4 Qc8 36. Qf7+ Kh8 37. Rd7 h6 38. h4 Qa8 39. g3 Qc8 
40. h5 40... f5 41. Bd6 1-0

[Event "Oebro CXU Nytaar 2023"]
[Site "Copenhagen"]
[Date "2023.12.27"]
[Round "2"]
[Board "12"]
[White "Borge, Jannik"]
[Black "Porte, Henrik"]
[Result "0-1"]
[WhiteElo "1500"]
[BlackElo "2153"]
[PlyCount "64"]
[EventDate "2023.12.27"]
[EventType "swiss"]
[EventRounds "7"]
[EventCountry "DEN"]
[SourceTitle "Live v. Freja Gronnemose"]

1. d4 d5 2. c4 e6 3. Nf3 c5 4. g3 Nc6 5. Bg2 Nf6 
6. O-O Be7 7. b3 O-O 8. cxd5 exd5 9. Bb2 Ne4 10. Nc3 10... 
Bf6 11. Nxe4 dxe4 12. Nd2 e3 13. fxe3 cxd4 14. Ne4 Be5 15. exd4 
Bxd4+ 16. Bxd4 Nxd4 17. Rc1 Qb6 18. Kh1 Bg4 19. Rf4 Nxe2 20. Rxg4 
20... Nxc1 21. Qxc1 f5 22. Rh4 fxe4 23. Bxe4 h6 24. Rf4 Rad8 25. 
Bf5 Qc6+ 26. Qxc6 bxc6 27. Be6+ Kh8 28. b4 Rxf4 29. gxf4 Rd4 30. 
f5 30... Rxb4 31. Kg2 h5 32. h4 Rxh4 0-1

[Event "Oebro CXU Nytaar 2023"]
[Site "Copenhagen"]
[Date "2023.12.27"]
[Round "2"]
[Board "13"]
[White "Wahlgreen, Noah Krug"]
[Black "Sorensen, Peter"]
[Result "1-0"]
[WhiteElo "1968"]
[BlackElo "1664"]
[PlyCount "53"]
[EventDate "2023.12.27"]
[EventType "swiss"]
[EventRounds "7"]
[EventCountry "DEN"]
[SourceTitle "Live v. Freja Gronnemose"]

1. Nf3 e6 2. d4 f5 3. Bf4 Nf6 4. e3 Be7 5. h3 b6 
6. Be2 Bb7 7. O-O Ne4 8. Nfd2 Nf6 9. c4 d6 10. Nc3 10... 
Nbd7 11. Bf3 Bxf3 12. Nxf3 h6 13. Re1 g5 14. Bh2 g4 15. hxg4 
Nxg4 16. e4 Nxh2 17. Kxh2 f4 18. e5 Nf8 19. Nd2 h5 20. Qf3 
20... dxe5 21. Rxe5 Bd6 22. Rxh5 Rxh5+ 23. Qxh5+ Kd7 24. c5 bxc5 25. 
dxc5 Be7 26. c6+ Kc8 27. Qb5 1-0

[Event "Oebro CXU Nytaar 2023"]
[Site "Copenhagen"]
[Date "2023.12.27"]
[Round "2"]
[Board "14"]
[White "Moe, Mogens"]
[Black "Saravana, Vedant Kumar"]
[Result "0-1"]
[WhiteElo "2063"]
[BlackElo "1939"]
[PlyCount "65"]
[EventDate "2023.12.27"]
[EventType "swiss"]
[EventRounds "7"]
[EventCountry "DEN"]
[SourceTitle "Live v. Freja Gronnemose"]

1. e4 e5 2. Nf3 Nc6 3. Bc4 Bc5 4. c3 Nf6 5. d4 exd4 
6. e5 d5 7. Bb5 Ne4 8. cxd4 Bb6 9. Nc3 Bg4 10. Be3 10... 
O-O 11. h3 Bh5 12. Qc2 Bg6 13. Qb3 Ne7 14. O-O c6 15. Be2 
Nf5 16. Rfd1 Nxe3 17. fxe3 Ng3 18. Bd3 Nf5 19. Bxf5 Bxf5 20. a4 
20... Rc8 21. Rd2 Kh8 22. a5 Bxa5 23. Qxb7 Be4 24. Rf1 Bxc3 25. 
bxc3 Qa5 26. Rc1 c5 27. Ng5 cxd4 28. Nxe4 dxe4 29. Rxd4 Rxc3 30. 
Rf1 30... Qxe5 31. Qxf7 Rxf7 32. Rd8+ Rf8 33. Rdxf8# 0-1

[Event "Oebro CXU Nytaar 2023"]
[Site "Copenhagen"]
[Date "2023.12.27"]
[Round "2"]
[Board "15"]
[White "Nagaraja, Anirudh"]
[Black "Mortensen, Henrik"]
[Result "1-0"]
[WhiteElo "1492"]
[BlackElo "1952"]
[PlyCount "76"]
[EventDate "2023.12.27"]
[EventType "swiss"]
[EventRounds "7"]
[EventCountry "DEN"]
[SourceTitle "Live v. Freja Gronnemose"]

1. e4 c5 2. Nf3 e6 3. d4 cxd4 4. Nxd4 Nf6 5. Nc3 Bb4 
6. Bd3 e5 7. Nf3 d6 8. h3 h6 9. Bd2 Be6 10. O-O 10... 
Qd7 11. a3 Bxc3 12. Bxc3 Nc6 13. Qe2 g5 14. Nh2 h5 15. Bc4 
g4 16. Bxe6 Qxe6 17. h4 O-O-O 18. b4 d5 19. b5 Nxe4 20. bxc6 
20... Nxc3 21. cxb7+ Kb8 22. Qd3 d4 23. Rfe1 f5 24. Nf1 e4 25. 
Qd2 Qe5 26. Ng3 f4 27. Nxe4 Nxe4 28. Qd3 Rhe8 29. Re2 Qd5 30. 
Rae1 30... Nd6 31. Rxe8 Rxe8 32. Rxe8+ Nxe8 33. Qg6 Nc7 34. Qf6 f3 
35. g3 Kxb7 36. Qf4 Kc6 37. Qh6+ Qe6 38. Qxh5 Qe1+ 1-0

[Event "Oebro CXU Nytaar 2023"]
[Site "Copenhagen"]
[Date "2023.12.27"]
[Round "2"]
[Board "16"]
[White "Vehl, Tina"]
[Black "Paludan, Noah"]
[Result "1/2-1/2"]
[WhiteElo "1728"]
[BlackElo "1888"]
[PlyCount "54"]
[EventDate "2023.12.27"]
[EventType "swiss"]
[EventRounds "7"]
[EventCountry "DEN"]
[SourceTitle "Live v. Freja Gronnemose"]

1. e4 c5 2. Nc3 Nc6 3. Bb5 Nd4 4. Nf3 a6 5. Bd3 g6 
6. Nxd4 cxd4 7. Ne2 Bg7 8. c3 dxc3 9. dxc3 e6 10. Be3 10... 
Ne7 11. Qd2 h6 12. Rd1 Qc7 13. c4 Nc6 14. f4 b6 15. O-O 
Bb7 16. b3 O-O-O 17. Qe1 d5 18. cxd5 exd5 19. exd5 Rxd5 20. Qf2 
20... Qd7 21. Bc2 b5 22. Rxd5 Qxd5 23. Rd1 Qe6 24. f5 Qe7 25. 
Bc5 Qg5 26. Be3 Qe7 27. Bc5 Qg5 1/2-1/2

[Event "Oebro CXU Nytaar 2023"]
[Site "Copenhagen"]
[Date "2023.12.27"]
[Round "2"]
[Board "17"]
[White "Nielsen Refs, Karl Emil Elmer"]
[Black "Slavensky, Asbjorn Vesterkaer"]
[Result "0-1"]
[WhiteElo "1886"]
[BlackElo "1722"]
[PlyCount "76"]
[EventDate "2023.12.27"]
[EventType "swiss"]
[EventRounds "7"]
[EventCountry "DEN"]
[SourceTitle "Live v. Freja Gronnemose"]

1. d4 Nf6 2. c4 c5 3. d5 e6 4. Nc3 exd5 5. cxd5 d6 
6. Nf3 g6 7. Bg5 Bg7 8. Nd2 a6 9. a4 Nbd7 10. e4 10... 
O-O 11. Be2 Qc7 12. f4 Re8 13. O-O h6 14. Bh4 Nh7 15. Qb3 
Ndf6 16. Bg3 Bg4 17. Rae1 Bxe2 18. Rxe2 Nh5 19. Be1 Rab8 20. g4 
20... Bd4+ 21. Kh1 N5f6 22. h3 b5 23. Qc2 b4 24. Nd1 Qd7 25. 
Nf3 b3 26. Qc4 Nxe4 27. Qd3 f5 28. Nh4 Qf7 29. gxf5 Qxd5 30. 
Rg2 30... g5 31. Ne3 Ng3+ 32. Bxg3 Rxe3 33. Ng6 Rbe8 34. Qxe3 Bxe3 
35. Kh2 Qxf5 36. fxg5 Qxf1 37. gxh6 Bg5 38. Bh4 Re2 0-1

[Event "Oebro CXU Nytaar 2023"]
[Site "Copenhagen"]
[Date "2023.12.27"]
[Round "2"]
[Board "18"]
[White "Taskiran, Erol"]
[Black "Petersen, Poul Erik"]
[Result "1/2-1/2"]
[WhiteElo "1714"]
[BlackElo "1870"]
[PlyCount "60"]
[EventDate "2023.12.27"]
[EventType "swiss"]
[EventRounds "7"]
[EventCountry "DEN"]
[SourceTitle "Live v. Freja Gronnemose"]

1. d4 f5 2. Nf3 Nf6 3. c4 e6 4. Nc3 Be7 5. Bf4 b6 
6. g3 Bb7 7. Bg2 O-O 8. O-O Qc8 9. Nb5 Na6 10. Qb3 10... 
d6 11. Rac1 Ne4 12. Nd2 Nxd2 13. Bxd2 Bxg2 14. Kxg2 Bf6 15. Rfd1 
Kh8 16. Qf3 c6 17. Nxd6 Qd7 18. Bf4 Nc7 19. e3 Be7 20. c5 
20... b5 21. Qh5 Kg8 22. Be5 Ne8 23. Nxe8 Raxe8 24. Qf3 Qd5 25. 
b3 Rf7 26. h4 Bf6 27. Bd6 g6 28. Qxd5 exd5 29. Bf4 a5 30. 
a4 30... b4 1/2-1/2

[Event "Oebro CXU Nytaar 2023"]
[Site "Copenhagen"]
[Date "2023.12.27"]
[Round "2"]
[Board "19"]
[White "Hove, Svend Kjems"]
[Black "Ramsdal, Lasse Andreas"]
[Result "0-1"]
[WhiteElo "1844"]
[BlackElo "1688"]
[PlyCount "151"]
[EventDate "2023.12.27"]
[EventType "swiss"]
[EventRounds "7"]
[EventCountry "DEN"]
[SourceTitle "Live v. Freja Gronnemose"]

1. e4 e6 2. d4 d5 3. Nc3 Bb4 4. Qg4 Bxc3+ 5. bxc3 Nf6 
6. Qxg7 Rg8 7. Qh6 Rg6 8. Qe3 dxe4 9. Ne2 b6 10. Ng3 10... 
Bb7 11. c4 Nc6 12. Bb2 Ne7 13. O-O-O Qd7 14. f3 exf3 15. gxf3 
Qc6 16. Be2 Qa4 17. Kb1 O-O-O 18. Bd3 Rgg8 19. Qf4 Nd7 20. Bxh7 
20... Rg7 21. Bd3 f6 22. Rhe1 e5 23. Qh6 Rf7 24. Qh5 Rff8 25. 
c3 Rh8 26. Qf7 Bxf3 27. Rd2 Nc6 28. Bc2 Qa6 29. Re3 Bg4 30. 
Qd5 30... exd4 31. cxd4 Nb4 32. Qa8+ Nb8 33. Ra3 Qb7 34. Be4 Qxa8 
35. Bxa8 c6 36. Rxa7 Rd7 37. Ra4 N4a6 38. d5 c5 39. Bxf6 Re8 
40. d6 40... Re6 41. Be7 Re1+ 42. Kc2 Nb4+ 43. Rxb4 cxb4 44. Rf2 
Rdxe7 45. dxe7 Rxe7 46. Kb3 Na6 47. Bd5 Nc5+ 48. Kc2 Re1 49. Rf1 
Re3 50. Rf4 50... Rc3+ 51. Kd2 Rd3+ 52. Kc1 Rc3+ 53. Kb1 Bd1 54. 
Rd4 Nd3 55. Rxd3 Rxd3 56. Ne4 Bf3 57. Be6+ Kc7 58. Nf6 Kd6 59. 
Bf5 Rd4 60. Nd7 60... Be4+ 61. Bxe4 Rxe4 62. Nxb6 Kc5 63. Nd7+ Kc6 
64. Nf6 Rxc4 65. Kb2 Rh4 66. Kb3 Kb5 67. a4+ Ka5 68. Nd5 Rh3+ 
69. Kc4 Kxa4 70. Nb6+ 70... Ka3 71. Nd5 b3 72. Nc3 Rxc3+ 73. Kxc3 
Ka2 74. h4 b2 75. h5 b1=Q 76. Kd4 0-1

[Event "Oebro CXU Nytaar 2023"]
[Site "Copenhagen"]
[Date "2023.12.27"]
[Round "2"]
[Board "20"]
[White "Peitersen, Andreas"]
[Black "Petersen, Nils"]
[Result "0-1"]
[WhiteElo "1687"]
[BlackElo "1830"]
[PlyCount "76"]
[EventDate "2023.12.27"]
[EventType "swiss"]
[EventRounds "7"]
[EventCountry "DEN"]
[SourceTitle "Live v. Freja Gronnemose"]

1. e4 c5 2. Nf3 e6 3. d4 cxd4 4. Nxd4 Nc6 5. c4 Nf6 
6. Nc3 Bb4 7. f3 Nxe4 8. fxe4 Qh4+ 9. Ke2 Bxc3 10. bxc3 10... 
Qxe4+ 11. Be3 Ne5 12. Kd2 Ng4 13. Qf3 Qg6 14. Bd3 f5 15. Bf4 
O-O 16. Rae1 a5 17. h3 Nh6 18. Qe2 Qf6 19. Qh5 Nf7 20. Bg3 
20... g6 21. Bh4 Qxd4 22. cxd4 gxh5 23. Be2 Nd6 24. Bxh5 Nxc4+ 25. 
Kd3 d5 26. Be7 Bd7 27. Bxf8 Rxf8 28. Rhg1 Kg7 29. Bd1 b5 30. 
g4 30... f4 31. Re2 b4 32. Rf2 Nd6 33. Re1 Ne4 34. Rb2 Bb5+ 
35. Kc2 f3 36. Bxf3 Rxf3 37. Rh1 Nf2 38. Re1 Nd3 0-1

[Event "Oebro CXU Nytaar 2023"]
[Site "Copenhagen"]
[Date "2023.12.28"]
[Round "3"]
[Board "1"]
[White "Falkesgaard, Jeppe Hald"]
[Black "Hector, Jonny"]
[Result "1/2-1/2"]
[WhiteElo "2188"]
[BlackElo "2444"]
[PlyCount "133"]
[EventDate "2023.12.27"]
[EventType "swiss"]
[EventRounds "7"]
[EventCountry "DEN"]
[SourceTitle "Live v. Freja Gronnemose"]

1. c4 e5 2. Nc3 Bb4 3. Nd5 Be7 4. d4 exd4 5. Qxd4 Nf6 
6. Nxe7 Qxe7 7. Nf3 Nc6 8. Qc3 d5 9. Bg5 dxc4 10. e3 10... 
Be6 11. Bxc4 Qc5 12. Bxf6 Qxc4 13. Qxc4 Bxc4 14. Bxg7 Rg8 15. Bf6 
Rxg2 16. Nh4 Rg8 17. b3 Be6 18. O-O-O Ne7 19. e4 h6 20. Rhe1 
20... Rg4 21. Nf5 Ng8 22. f3 Rg2 23. Bh4 Kf8 24. Kb1 Re8 25. 
Ne3 Rxh2 26. Bg3 Rh3 27. Rg1 Rc8 28. Nd5 Bxd5 29. Rxd5 Ne7 30. 
Rc5 30... Nc6 31. Rc3 Ke7 32. Bf4 Nd4 33. Bxc7 Nb5 34. Rc5 Nxc7 
35. Rgc1 Kd6 36. e5+ Kd7 37. Rd1+ Ke6 38. f4 Rf3 39. Rd4 Kf5 
40. Rd7 40... Rxf4 41. Rxf7+ Kg4 42. Rfxc7 Rxc7 43. Rxc7 Re4 44. Rg7+ 
Kf5 45. Rh7 Kg6 46. Rxb7 h5 47. Rxa7 h4 48. Ra8 Rxe5 49. Rg8+ 
Kf5 50. a4 50... h3 51. Kb2 Kf4 52. b4 Rh5 53. Rg1 h2 54. 
Rh1 Ke5 55. Kb3 Kd5 56. a5 Kc6 57. Ka4 Rh4 58. Rc1+ Kb7 59. 
Rh1 Ka6 60. Kb3 60... Kb5 61. Ka3 Rh3+ 62. Kb2 Kxb4 63. a6 Rb3+ 
64. Kc2 Ra3 65. Kd2 Rxa6 66. Ke3 Rh6 67. Ke4 1/2-1/2

[Event "Oebro CXU Nytaar 2023"]
[Site "Copenhagen"]
[Date "2023.12.28"]
[Round "3"]
[Board "2"]
[White "Ramsdal, Jens Albert"]
[Black "Thorsbro, Peter"]
[Result "1-0"]
[WhiteElo "2413"]
[BlackElo "2180"]
[PlyCount "114"]
[EventDate "2023.12.27"]
[EventType "swiss"]
[EventRounds "7"]
[EventCountry "DEN"]
[SourceTitle "Live v. Freja Gronnemose"]

1. Nf3 d5 2. e3 Nf6 3. c4 e6 4. b3 Be7 5. Bb2 O-O 
6. Nc3 c5 7. cxd5 exd5 8. d4 Nc6 9. Be2 Be6 10. O-O 10... 
Ne4 11. Rc1 cxd4 12. Nxe4 dxe4 13. Nxd4 Nxd4 14. Qxd4 Qxd4 15. Bxd4 
Rfc8 16. f4 f5 17. g4 fxg4 18. f5 Bf7 19. Bxg4 Bf6 20. Bxf6 
20... gxf6 21. Kf2 a5 22. Kg3 a4 23. bxa4 Bxa2 24. Rxc8+ Rxc8 25. 
Rd1 Bb3 26. Rd4 Ra8 27. Bd1 Bxd1 28. Rxd1 Rxa4 29. Rd8+ Kg7 30. 
Rd7+ 30... Kh6 31. Kf4 Rb4 32. Rf7 Rb6 33. h3 Rb1 34. Rxf6+ Kg7 
35. Rd6 b5 36. Rd7+ Kh6 37. Ke5 b4 38. Rb7 b3 39. Ke6 b2 
40. f6 40... Ra1 41. Rxb2 Ra6+ 42. Kf5 Ra5+ 43. Kxe4 Kg6 44. Rf2 
Kf7 45. Rf4 Rh5 46. h4 Ra5 47. Kf3 Ra3 48. Rf5 Ra1 49. e4 
Ke6 50. Kg4 50... Kf7 51. e5 Re1 52. Kh5 Re4 53. Rg5 Ke6 54. 
Kh6 Rxh4+ 55. Kg7 h6 56. Rg6 Rf4 57. Rxh6 Kd5 1-0